<?xml version="1.0" encoding="UTF-8"?>
<record
    xmlns:xsi="http://www.w3.org/2001/XMLSchema-instance"
    xsi:schemaLocation="http://www.loc.gov/MARC21/slim http://www.loc.gov/standards/marcxml/schema/MARC21slim.xsd"
    xmlns="http://www.loc.gov/MARC21/slim">

  <leader>00357nam a22001577a 4500</leader>
  <controlfield tag="003">SGT</controlfield>
  <datafield tag="020" ind1=" " ind2=" ">
    <subfield code="a">9780390777723</subfield>
  </datafield>
  <datafield tag="082" ind1=" " ind2=" ">
    <subfield code="a">612</subfield>
    <subfield code="b">S24V</subfield>
  </datafield>
  <datafield tag="100" ind1=" " ind2=" ">
    <subfield code="a">VERMA. SUNIL</subfield>
  </datafield>
  <datafield tag="245" ind1=" " ind2=" ">
    <subfield code="a">SHARIRA KIYA VIGYAN</subfield>
  </datafield>
  <datafield tag="260" ind1=" " ind2=" ">
    <subfield code="a">VARANASI</subfield>
    <subfield code="b">CHAUKHAMBHA PUB.</subfield>
    <subfield code="c">2024</subfield>
  </datafield>
  <datafield tag="300" ind1=" " ind2=" ">
    <subfield code="a">348</subfield>
  </datafield>
  <datafield tag="650" ind1=" " ind2=" ">
    <subfield code="a">AYURVEDA</subfield>
  </datafield>
  <datafield tag="653" ind1=" " ind2=" ">
    <subfield code="a">SHARIRA VIGYAN , KRIYA VIGYAN </subfield>
  </datafield>
  <datafield tag="942" ind1=" " ind2=" ">
    <subfield code="2">ddc</subfield>
    <subfield code="c">BK</subfield>
  </datafield>
  <datafield tag="952" ind1=" " ind2=" ">
    <subfield code="0">0</subfield>
    <subfield code="1">0</subfield>
    <subfield code="2">ddc</subfield>
    <subfield code="4">0</subfield>
    <subfield code="5">1</subfield>
    <subfield code="7">0</subfield>
    <subfield code="8">FA</subfield>
    <subfield code="a">APL</subfield>
    <subfield code="b">APL</subfield>
    <subfield code="c">REF</subfield>
    <subfield code="d">2026-04-06</subfield>
    <subfield code="e">CHAUKHAMBHA PUB.</subfield>
    <subfield code="g">525.00</subfield>
    <subfield code="i">SGTU</subfield>
    <subfield code="l">0</subfield>
    <subfield code="o">612 S24V</subfield>
    <subfield code="p">FA13151</subfield>
    <subfield code="r">2026-04-06 00:00:00</subfield>
    <subfield code="w">2026-03-23</subfield>
    <subfield code="y">BK</subfield>
    <subfield code="k">CP/B/1322</subfield>
  </datafield>
  <datafield tag="952" ind1=" " ind2=" ">
    <subfield code="0">0</subfield>
    <subfield code="1">0</subfield>
    <subfield code="2">ddc</subfield>
    <subfield code="4">0</subfield>
    <subfield code="7">0</subfield>
    <subfield code="8">FA</subfield>
    <subfield code="a">APL</subfield>
    <subfield code="b">APL</subfield>
    <subfield code="c">TXT</subfield>
    <subfield code="d">2026-04-06</subfield>
    <subfield code="e">CHAUKHAMBHA PUB.</subfield>
    <subfield code="g">525.00</subfield>
    <subfield code="i">SGTU</subfield>
    <subfield code="l">0</subfield>
    <subfield code="o">612 S24V</subfield>
    <subfield code="p">FA13152</subfield>
    <subfield code="r">2026-04-06 00:00:00</subfield>
    <subfield code="w">2026-03-23</subfield>
    <subfield code="y">BK</subfield>
    <subfield code="k">CP/B/1322</subfield>
  </datafield>
  <datafield tag="952" ind1=" " ind2=" ">
    <subfield code="0">0</subfield>
    <subfield code="1">0</subfield>
    <subfield code="2">ddc</subfield>
    <subfield code="4">0</subfield>
    <subfield code="7">0</subfield>
    <subfield code="8">FA</subfield>
    <subfield code="a">APL</subfield>
    <subfield code="b">APL</subfield>
    <subfield code="c">TXT</subfield>
    <subfield code="d">2026-04-06</subfield>
    <subfield code="e">CHAUKHAMBHA PUB.</subfield>
    <subfield code="g">525.00</subfield>
    <subfield code="i">SGTU</subfield>
    <subfield code="l">0</subfield>
    <subfield code="o">612 S24V</subfield>
    <subfield code="p">FA13153</subfield>
    <subfield code="r">2026-04-06 00:00:00</subfield>
    <subfield code="w">2026-03-23</subfield>
    <subfield code="y">BK</subfield>
    <subfield code="k">CP/B/1322</subfield>
  </datafield>
  <datafield tag="952" ind1=" " ind2=" ">
    <subfield code="0">0</subfield>
    <subfield code="1">0</subfield>
    <subfield code="2">ddc</subfield>
    <subfield code="4">0</subfield>
    <subfield code="7">0</subfield>
    <subfield code="8">FA</subfield>
    <subfield code="a">APL</subfield>
    <subfield code="b">APL</subfield>
    <subfield code="c">TXT</subfield>
    <subfield code="d">2026-04-06</subfield>
    <subfield code="e">CHAUKHAMBHA PUB.</subfield>
    <subfield code="g">525.00</subfield>
    <subfield code="i">SGTU</subfield>
    <subfield code="l">0</subfield>
    <subfield code="o">612 S24V</subfield>
    <subfield code="p">FA13154</subfield>
    <subfield code="r">2026-04-06 00:00:00</subfield>
    <subfield code="w">2026-03-23</subfield>
    <subfield code="y">BK</subfield>
    <subfield code="k">CP/B/1322</subfield>
  </datafield>
  <datafield tag="952" ind1=" " ind2=" ">
    <subfield code="0">0</subfield>
    <subfield code="1">0</subfield>
    <subfield code="2">ddc</subfield>
    <subfield code="4">0</subfield>
    <subfield code="7">0</subfield>
    <subfield code="8">FA</subfield>
    <subfield code="a">APL</subfield>
    <subfield code="b">APL</subfield>
    <subfield code="c">TXT</subfield>
    <subfield code="d">2026-04-06</subfield>
    <subfield code="e">CHAUKHAMBHA PUB.</subfield>
    <subfield code="g">525.00</subfield>
    <subfield code="i">SGTU</subfield>
    <subfield code="l">0</subfield>
    <subfield code="o">612 S24V</subfield>
    <subfield code="p">FA13155</subfield>
    <subfield code="r">2026-04-06 00:00:00</subfield>
    <subfield code="w">2026-03-23</subfield>
    <subfield code="y">BK</subfield>
    <subfield code="k">CP/B/1322</subfield>
  </datafield>
  <datafield tag="952" ind1=" " ind2=" ">
    <subfield code="0">0</subfield>
    <subfield code="1">0</subfield>
    <subfield code="2">ddc</subfield>
    <subfield code="4">0</subfield>
    <subfield code="7">0</subfield>
    <subfield code="8">FA</subfield>
    <subfield code="a">APL</subfield>
    <subfield code="b">APL</subfield>
    <subfield code="c">TXT</subfield>
    <subfield code="d">2026-04-06</subfield>
    <subfield code="e">CHAUKHAMBHA PUB.</subfield>
    <subfield code="g">525.00</subfield>
    <subfield code="i">SGTU</subfield>
    <subfield code="l">1</subfield>
    <subfield code="o">612 S24V</subfield>
    <subfield code="p">FA13156</subfield>
    <subfield code="r">2026-04-20 00:00:00</subfield>
    <subfield code="s">2026-04-20</subfield>
    <subfield code="w">2026-03-23</subfield>
    <subfield code="y">BK</subfield>
    <subfield code="k">CP/B/1322</subfield>
  </datafield>
  <datafield tag="952" ind1=" " ind2=" ">
    <subfield code="0">0</subfield>
    <subfield code="1">0</subfield>
    <subfield code="2">ddc</subfield>
    <subfield code="4">0</subfield>
    <subfield code="7">0</subfield>
    <subfield code="8">FA</subfield>
    <subfield code="a">APL</subfield>
    <subfield code="b">APL</subfield>
    <subfield code="c">TXT</subfield>
    <subfield code="d">2026-04-06</subfield>
    <subfield code="e">CHAUKHAMBHA PUB.</subfield>
    <subfield code="g">525.00</subfield>
    <subfield code="i">SGTU</subfield>
    <subfield code="l">0</subfield>
    <subfield code="o">612 S24V</subfield>
    <subfield code="p">FA13157</subfield>
    <subfield code="r">2026-04-06 00:00:00</subfield>
    <subfield code="w">2026-03-23</subfield>
    <subfield code="y">BK</subfield>
    <subfield code="k">CP/B/1322</subfield>
  </datafield>
  <datafield tag="952" ind1=" " ind2=" ">
    <subfield code="0">0</subfield>
    <subfield code="1">0</subfield>
    <subfield code="2">ddc</subfield>
    <subfield code="4">0</subfield>
    <subfield code="7">0</subfield>
    <subfield code="8">FA</subfield>
    <subfield code="a">APL</subfield>
    <subfield code="b">APL</subfield>
    <subfield code="c">TXT</subfield>
    <subfield code="d">2026-04-06</subfield>
    <subfield code="e">CHAUKHAMBHA PUB.</subfield>
    <subfield code="g">525.00</subfield>
    <subfield code="i">SGTU</subfield>
    <subfield code="l">0</subfield>
    <subfield code="o">612 S24V</subfield>
    <subfield code="p">FA13158</subfield>
    <subfield code="r">2026-04-06 00:00:00</subfield>
    <subfield code="w">2026-03-23</subfield>
    <subfield code="y">BK</subfield>
    <subfield code="k">CP/B/1322</subfield>
  </datafield>
  <datafield tag="952" ind1=" " ind2=" ">
    <subfield code="0">0</subfield>
    <subfield code="1">0</subfield>
    <subfield code="2">ddc</subfield>
    <subfield code="4">0</subfield>
    <subfield code="7">0</subfield>
    <subfield code="8">FA</subfield>
    <subfield code="a">APL</subfield>
    <subfield code="b">APL</subfield>
    <subfield code="c">TXT</subfield>
    <subfield code="d">2026-04-06</subfield>
    <subfield code="e">CHAUKHAMBHA PUB.</subfield>
    <subfield code="g">525.00</subfield>
    <subfield code="i">SGTU</subfield>
    <subfield code="l">0</subfield>
    <subfield code="o">612 S24V</subfield>
    <subfield code="p">FA13159</subfield>
    <subfield code="r">2026-04-06 00:00:00</subfield>
    <subfield code="w">2026-03-23</subfield>
    <subfield code="y">BK</subfield>
    <subfield code="k">CP/B/1322</subfield>
  </datafield>
  <datafield tag="952" ind1=" " ind2=" ">
    <subfield code="0">0</subfield>
    <subfield code="1">0</subfield>
    <subfield code="2">ddc</subfield>
    <subfield code="4">0</subfield>
    <subfield code="7">0</subfield>
    <subfield code="8">FA</subfield>
    <subfield code="a">APL</subfield>
    <subfield code="b">APL</subfield>
    <subfield code="c">TXT</subfield>
    <subfield code="d">2026-04-06</subfield>
    <subfield code="e">CHAUKHAMBHA PUB.</subfield>
    <subfield code="g">525.00</subfield>
    <subfield code="i">SGTU</subfield>
    <subfield code="l">0</subfield>
    <subfield code="o">612 S24V</subfield>
    <subfield code="p">FA13160</subfield>
    <subfield code="r">2026-04-06 00:00:00</subfield>
    <subfield code="w">2026-03-23</subfield>
    <subfield code="y">BK</subfield>
    <subfield code="k">CP/B/1322</subfield>
  </datafield>
  <datafield tag="999" ind1=" " ind2=" ">
    <subfield code="c">34543</subfield>
    <subfield code="d">34543</subfield>
  </datafield>
</record>
